000 00747cab a2200193 4500
001 WB2327-29
008 090401t1987 xxu||||| |||| 00| 0 eng d
035 _a(Sirsi) u39371
041 _aeng
245 _aConflict of interest
260 _c1987
350 _a0
490 _aChartered Surveyor Weekly
_vvol 20 no 2, 9/7/87 p61
520 _aSets out the existing RICS bylaw 24 and regulations on conflict of interest . The recent spate of acquisitions and mergers of estate agency practices has led to a series of new situations. In the light of this, a working party will soon produce guidance.
650 _aRICS RULES OF CONDUCT
690 _aMANAGEMENT-BUSINESS MANAGEMENT-PROFESSIONAL PRACTICE
942 _n0
948 _c04/03/1997
999 _c25277
_d25277